Evénements du 22 mai - Statistiques

Statistiques générales
  • Ce quiz a été pris 32 fois
  • Le résultat moyen est 7 sur 15
Statistiques - réponses
Hint Réponse % Correct
Naissance de Charles Aznavour 1924
75%
Mort de Victor Hugo 1885
67%
Naissance de Guy Marchand 1937
67%
Naissance du dessinateur Hergé 1907
63%
Inauguration de la Tokyon Skytree 2012
54%
Réunification du Yemen 1990
50%
Naissance d'Arthur Conan Doyle 1859
46%
Jean Tibéri devient maire de Paris 1995
46%
Naissance de Richard Wagner 1813
42%
Sortie du documentaire Nuit et Brouillard 1956
42%
Inauguration de la Fontaine de Trévi à Rome 1762
33%
Naissance de Gérard de Nerval 1808
33%
Révolte des esclaves en Martinique 1848
33%
Lancement du journal "Libération" 1973
25%
Incendie du magasin L'Innovation à Bruxelles 251 morts 1967
21%
Aucun quiz correspondant
Distribution des résultats
% des personnes avec chaque résultat
Percentile par nombre de réponses
Votre historique - résultats
Vous n’avez pas pris ce quiz